| 000 | 00784nam a2200229 i 4500 | ||
|---|---|---|---|
| 001 | bg | ||
| 100 | 1 | _aMuschik, W. | |
| 245 | 1 | 0 |
_aConcepts of continuum thermodynamics : _b5 lectures on fundamentals, methods, and examples : [Lectures held at Kielce University of Technology, January 8-12, 1996] / _cW. Muschik, C. Papenfuss, H. Ehrentraut. |
| 260 |
_aKielce : _bUniv. of Technology, _c[1996]. |
||
| 300 |
_a99 s. : _bfot., rys., wykr. ; _c24 cm. |
||
| 504 | _aBibliogr. s. 90-95. -Indeks. | ||
| 650 | 9 |
_aTermodynamika _xzagadnienia |
|
| 700 | 1 | _aPapenfuss, C. | |
| 700 | 1 |
_aEhrentraut, Harald _d(1964- ). |
|
| 020 | _a8390513277 | ||
| 040 | _cBPK | ||
| 041 | 0 | _aen | |
| 080 | _a536.7 | ||
| 920 | _a83-905132-7-7 | ||
| 942 | _cKS | ||
| 008 | s pl f |000 0 pol | ||
| 999 |
_c31667 _d31667 |
||
| 856 |
_uhttp://koha.tu.koszalin.pl/cgi-bin/koha/opac-detail.pl?biblionumber=31667 _yKatalog online BPK |
||